000 00464nam a2200193Ia 4500
003 OSt
005 20250821113307.0
008 250729s2004 xx 000 0 und d
020 _a978-8126121069
040 _cAL
041 _aeng
082 _a640 BEGM
100 _aBegum Fahmeeda
_9221693
245 _aModern teaching of home science
260 _aNew Delhi
_bAnmol Publisher
_c2004
300 _a298p
650 _aScience
_9221694
942 _2ddc
_cBED
999 _c235132
_d235132